| 000 | 00000nam##2200000za#4500 |
| 001 | 9.532726 |
| 003 | CaOODSP |
| 005 | 20200327104754 |
| 007 | ta |
| 008 | 150406|1999||||xxc||||| f|0| 0 eng|d |
| 022 | |a0706-6457 |
| 040 | |aCaOODSP|beng |
| 041 | |aeng |
| 041 | |afre |
| 043 | |an-cn--- |
| 086 | 1 |aFs97-6/2278 |
| 110 | 1 |aCanada. |bDepartment of Fisheries and Oceans. |
| 245 | 10|aMaturity at length and age in Atlantic mackerel (Scomber scombrus L.) sampled in St. Margarets Bay, Nova Scotia, in 1996 / |cby F. Grégoire et al. |
| 260 | |aOttawa - Ontario : |bFisheries and Oceans Canada |c1999. |
| 300 | |aviii, 45p. : |bfigs., tables ; |c28 cm. |
| 490 | 1 |aCanadian technical report of fisheries and aquatic sciences|x0706-6457|v2278 |
| 500 | |a"The chief objective of this study was to construct sexual maturity length and age curves for the mackerel population spawning in the Gulf of St. Lawrence. The results were compared with the minimum legal catch length currently in force. A second, equally important objective was to detail the growth and certain biological characteristics of the mackerel sampled in the course of the study. St. Margarets Bay, Nova Scotia, was chosen as the sampling site not only because it has a significant fishery each year, but because of the presence in the catches of small mackerel that are not generally caught, or at least present in the regular commercial samples from the Gulf of St. Lawrence."--Pages 1-2. Prepared at the Regional Science Branch, Department of Fisheries and Oceans, Maurice Lamontagne Institute, 850 route de la Mer, P.O. Box 1000, Mont-Joli (Quebec) G5H 3Z4. |
| 504 | |aBibliography. |
| 520 | 3 |aThe chief objective of this study was to construct sexual maturity length and age curves for the mackerel population spawning in the Gulf of St. Lawrence. The results were compared with the minimum legal catch length currently in force. A second, equally important objective was to detail the growth and certain biological characteristics of the mackerel sampled in the course of the study. St. Margarets Bay, Nova Scotia, was chosen as the sampling site not only because it has a significant fishery each year, but because of the presence in the catches of small mackerel that are not generally caught, or at least present in the regular commercial samples from the Gulf of St. Lawrence.--Pages 1-2 |
| 546 | |aBilingual |
| 563 | |aSoftcover |
| 590 | |a99-41|b1999-10-15 |
| 690 | 07|aFish|2gcpds |
| 690 | 07|aSamples|2gcpds |
| 720 | 1 |aGrégoire, F. |
| 776 | 0#|tMaturité à la longueur et à l'âge chez le maquereau bleu (Scomber scombrus L.) échantillonné dans la baie St. Margarets en Nouvelle-Écosse en 1996 / |w(CaOODSP)9.607029 |
| 792 | |tMaturité à la longueur et à l'âge chez le maquereau bleu (Scomber scombrus L.) échantillonné dans la baie St. Margarets en Nouvelle-Écosse en 1996 / |efre|w(CaOODSP)9.532727 |
| 830 | #0|aCanadian technical report of fisheries and aquatic sciences,|x0706-6457|v2278|w(CaOODSP)9.514690 |